01067agaaa2200253 45000010005000000030009000050050017000140070009000310080040000400400023000800410013001031000045001161300028001612450130001892500022003192600127003413000022004685200088004905380016005785460013005946500089006077000057006967000060007538684IT-RoPAU20220918181259.0d cvaizq50131s9999||||xx ||| | || ||und|| aIT-RoPAUcIT-RoPAU aITALIANO aBillon YvesgCodice regista SPICS: 19156 aROCK AROUND THE KREMLIN aROCK AROUND THE KREMLINcDiretto da: Billon YvespROCKETTARI DI TUTTO IL MONDO UNITEVI (Rif. Codice opera principale : 48683) aEdizione Standard aROMA (STATI UNITI)bRAI - RADIO TELEVISIONE ITALIANA / Distribuzione: RAIg"1986 (1° ed.: 1986 ; Ed. Lingua Orig.: 1986)" aVHSbsonoro, col. aGRUPPO AQUARIUM DI LENINGRADO E GRUPPI ROCK NEGLI STATI UNITI E IN UNIONE SOVIETICA aPAL, STEREO aITALIANO aMUSICALEeTV-PROG. DIDATTICO/CULTURALI-DOCUMENTARI [VHS]xCodice MATERIA SPICS: 9962 aBillon Yves e(regista)gCodice regista SPICS: 19156 aGuerin Agnes e(soggetto)gCodice Soggetto SPICS: 19157